| 000 | 01057nac a22002531u 4500 | ||
|---|---|---|---|
| 010 | _a 2002008425 | ||
| 020 | _a0807002291 (pbk. : alk. paper) | ||
| 082 | 0 | 0 |
_a210 _bA155 |
| 090 |
_c347 _d347 |
||
| 100 | _aAbou El Fadl, Khaled, | ||
| 245 | 1 | 4 |
_aThe place of tolerance in Islam / _cKhaled Abou El Fadl ; edited by Joshua Cohen and Ian Lague for Boston review. |
| 260 |
_aBoston : _bBeacon Press, _cc2002. |
||
| 300 |
_aix, 117 p. ; _c21 cm. |
||
| 650 | 0 |
_aReligious tolerance _xIslam. |
|
| 650 | 0 | _aLiberty of conscience (Islam) | |
| 650 | 0 |
_aIslam _xRelations. |
|
| 700 | 1 |
_aCohen, Joshua, _d1951- |
|
| 700 | 1 | _aLague, Ian. | |
| 856 | 4 | 1 |
_3Sample text _uhttp://www.loc.gov/catdir/samples/hm051/2002008425.html |
| 856 | 4 | 1 |
_3Publisher description _uhttp://www.loc.gov/catdir/description/hm031/2002008425.html |
| 856 | 4 | 1 |
_3Table of contents _uhttp://www.loc.gov/catdir/toc/hm031/2002008425.html |
| 942 |
_cBB _k210A155 |
||
| 999 |
_c347 _d347 |
||